000
00305nam a2200109Ia 4500
008
200302s9999 xx 000 0 und d
100
_a
Christa Van Santen
245
_a
Light Zone City Light Planning in the Urban Context
260
_b
Birkhauser Publishers for Architecture
260
_c
2006
300
_a
127
999
_c
5274
_d
5274